| 000 | 00492nam a2200169Ia 4500 | ||
|---|---|---|---|
| 003 | OSt | ||
| 005 | 20191226141013.0 | ||
| 008 | 190216s9999||||xx |||||||||||||| ||und|| | ||
| 040 | _coclc | ||
| 082 |
_a330.156 _bGUP/K |
||
| 100 |
_aGupta, R D _9794 |
||
| 245 | 0 |
_aKeynes Post Keynesian Economics / _cR D Gupta ; A S Rana |
|
| 260 |
_bKalyani Publishers, _c1994. _aNew Delhi: |
||
| 300 | _a835p | ||
| 650 | _aEconomics | ||
| 942 |
_cBK _2ddc _h330.156 _iGUP/K _k330.156 _mGUP/K |
||
| 999 |
_c9929 _d9929 |
||